Bees, snails, & peacock tails : (Record no. 6831)
[ view plain ]
| 000 -LEADER | |
|---|---|
| fixed length control field | 01390cam a2200301 a 4500 |
| 001 - CONTROL NUMBER | |
| control field | 6831 |
| 003 - CONTROL NUMBER IDENTIFIER | |
| control field | FISKH |
| 005 - DATE AND TIME OF LATEST TRANSACTION | |
| control field | 20250814144002.0 |
| 008 - FIXED-LENGTH DATA ELEMENTS--GENERAL INFORMATION | |
| fixed length control field | 060411s2008 nyua 000 0 eng |
| 010 ## - LIBRARY OF CONGRESS CONTROL NUMBER | |
| LC control number | 2006012094 |
| 020 ## - INTERNATIONAL STANDARD BOOK NUMBER | |
| International Standard Book Number | 9781416903864 (lib. bdg.) |
| 020 ## - INTERNATIONAL STANDARD BOOK NUMBER | |
| International Standard Book Number | 9780545512497 |
| 020 ## - INTERNATIONAL STANDARD BOOK NUMBER | |
| International Standard Book Number | 1416903860 (lib. bdg.) |
| 040 ## - CATALOGING SOURCE | |
| Original cataloging agency | DLC |
| Transcribing agency | DLC |
| Modifying agency | DLC |
| Language of cataloging | eng |
| 050 ## - LIBRARY OF CONGRESS CALL NUMBER | |
| Classification number | PS3556.R3325 B44 |
| 082 ## - DEWEY DECIMAL CLASSIFICATION NUMBER | |
| Classification number | 811.54 |
| 100 1# - MAIN ENTRY--PERSONAL NAME | |
| Personal name | Franco, Betsy. |
| 245 10 - TITLE STATEMENT | |
| Title | Bees, snails, & peacock tails : |
| Remainder of title | patterns & shapes-- naturally / |
| Statement of responsibility, etc. | Betsy Franco ; Illustrated by Steve Jenkins. |
| 260 ## - PUBLICATION, DISTRIBUTION, ETC. | |
| Place of publication, distribution, etc. | New York : |
| Name of publisher, distributor, etc. | Scholastic, |
| Date of publication, distribution, etc. | 2008. |
| 300 ## - PHYSICAL DESCRIPTION | |
| Extent | 28 unnumbered pages : |
| Other physical details | color illustrations ; |
| Dimensions | 23 cm |
| 520 ## - SUMMARY, ETC. | |
| Summary, etc. | Come explore the hidden shapes and patterns in nature. The peacock's flashy tail is a masterpiece of color and shape. A buzzing beehive is built of tiny hexagons. Even a snake's skin is patterned with diamonds. Study a beehive and you will see the mathematical genius of the bee. Poet Betsy Franco and Caldecott Honor winner Steve Jenkins bring geometry to life in this lively, lyrical look at the shapes and patterns that can be found in the most unexpected places. |
| 650 #0 - SUBJECT ADDED ENTRY--TOPICAL TERM | |
| Topical term or geographic name entry element | Nature |
| Form subdivision | Poetry. |
| 650 #0 - SUBJECT ADDED ENTRY--TOPICAL TERM | |
| Form subdivision | Animals |
| Source of heading or term | Patterns |
| 700 1# - ADDED ENTRY--PERSONAL NAME | |
| Personal name | Jenkins, Steve, |
| Dates associated with a name | 1952-2021, |
| Relator term | illustrator |
| 906 ## - LOCAL DATA ELEMENT F, LDF (RLIN) | |
| a | 7 |
| b | cbc |
| c | orignew |
| d | 1 |
| e | ecip |
| f | 20 |
| g | y-gencatlg |
| 942 ## - ADDED ENTRY ELEMENTS (KOHA) | |
| Source of classification or shelving scheme | Dewey Decimal Classification |
| Koha item type | Books |
| Suppress in OPAC | No |
| Withdrawn status | Lost status | Source of classification or shelving scheme | Damaged status | Not for loan | Collection | Home library | Current library | Shelving location | Date acquired | Total Checkouts | Full call number | Barcode | Date last seen | Copy number | Price effective from | Koha item type |
|---|---|---|---|---|---|---|---|---|---|---|---|---|---|---|---|---|
| Dewey Decimal Classification | Fiction | Footprints International School Library Network Toul Kork Campus | Footprints International School Library Network Toul Kork Campus | A TK Campus, 4th Floor, Room B401, Fiction Bookcases (1-6) | 05/30/2025 | FRA 811.54 PS3556.R3325 B44 | 2025-1449 | 05/30/2025 | 1 | 05/30/2025 | Books | |||||
| Dewey Decimal Classification | Fiction | Footprints International School Library Network Toul Tom Poung Campus | Footprints International School Library Network Toul Tom Poung Campus | TTP Secondary Fiction Bookshelves | 08/14/2025 | FRA 811.54 PS3556.R3325 B44 | FISBK05323 | 08/14/2025 | 2 | 08/14/2025 | Books |
